000
00263nam a2200097Ia 4500
001
682972
005
20250826161429.0
008
250824s9999 xx 000 0 und d
245
0
_a
OSMANLIDA İKTİDAR KAVGALARI
_c
AHMET HALDUN TERZİOĞLU
260
_b
PANAMA YAYINLARI
999
_c
682972
_d
682972